Thanh toán quốc tế : Lý thuyết, Bài tập & bài giải thực hành, bài tập tự rèn luyện, cập nhật theo UCP 600 - 2006

Gespeichert in:
Bibliographische Detailangaben
Format: Sách
Sprache:Undetermined
Veröffentlicht:  Lao động - Xã hội  2014
Schlagworte:
Tags: Tag hinzufügen
Keine Tags, Fügen Sie den ersten Tag hinzu!
Thư viện lưu trữ: Trung tâm Thư viện - Trường Đại học Công nghiệp TP. Hồ Chí Minh
LEADER 00567nam a2200133Ia 4500
001 UIH_05042
008 231011s9999 xx 000 0 und d
082 |a  332.45 
245 0 |a  Thanh toán quốc tế : Lý thuyết, Bài tập & bài giải thực hành, bài tập tự rèn luyện, cập nhật theo UCP 600 - 2006 
260 |b  Lao động - Xã hội 
260 |c  2014 
650 |a  Thanh toán quốc tế;  
927 |a Sách 
980 |a Trung tâm Thư viện - Trường Đại học Công nghiệp TP. Hồ Chí Minh